El senado en España.

Guardat en:
Dades bibliogràfiques
Autor principal: Bertelsen Repetto, Raúl (autor)
Format: Llibre
Idioma:espanyol
Publicat: Madrid, España: Instituto de Estudios Administrativos, 1974.
Matèries:
Etiquetes: Afegir etiqueta
Sense etiquetes, Sigues el primer a etiquetar aquest registre!

MARC

LEADER 00000nam a2200000 a 4500
001 UCO7580
003 CL-VaPUC
005 20220822114347.0
008 001117e19740000SP |||||||||||||||||spa|d
999 |c 292470  |d 292468 
020 |a 84-73551-228-6 
040 |c Pontificia Universidad Católica de Valparaíso 
082 0 4 |a 328.46 BER 1974  |2 21 
100 0 |a Bertelsen Repetto, Raúl  |e autor  |9 358746 
245 1 3 |a El senado en España. 
260 |a Madrid, España:  |b Instituto de Estudios Administrativos,   |c 1974. 
300 |a 541 páginas.  
500 |a Donación del profesor Manfred Wilhelmy von Wolff. c.3 Donación Familia Prof. Alejandro Guzmán Brito. 
583 |a last modification  |c 20001117 00:00:00  |k Rodrigo Vera 
650 0 |a Senado  |2 CL-VaPUC  |9 338613 
650 0 |a Poder legislativo  |9 258808  |z España 
650 0 |a Reforma constitucional  |z España  |9 332804 
942 |c BK  |2 ddc  |n 0 
945 |d 20001117 00:00:00  |a crobeson 
952 |0 0  |1 0  |4 0  |6 328_460000000000000_BER_1974  |7 0  |8 A  |9 343384  |a BIBHIS  |b BIBHIS  |d 2019-11-20  |i 1228587  |o 328.46 BER 1974  |p 1228587  |r 2025-01-20  |w 2019-11-20  |y BK  |k HIS 
952 |0 0  |1 0  |4 0  |6 328_460000000000000_BER_1974  |7 0  |8 DER_HIS  |9 343385  |a BIBDER  |b BIBDER  |d 2019-11-20  |i 3822257  |l 1  |o 328.46 BER 1974  |p 3822257  |r 2023-01-25  |s 2020-03-17  |w 2019-11-20  |x Ubicación 4to Piso  |y BK  |z Estos recursos deben solicitarse con anticipación  |k DER